An introduction to fluid dynamics (Record no. 298431)

000 -LEADER
fixed length control field 00252 a2200109 4500
001 - CONTROL NUMBER
control field 63358
082 ## - DEWEY DECIMAL CLASSIFICATION NUMBER
Classification number 532.05 BAT
090 ## - LOCALLY ASSIGNED LC-TYPE CALL NUMBER (OCLC); LOCAL CALL NUMBER (RLIN)
-- 37409
-- 37409
100 ## - MAIN ENTRY--PERSONAL NAME
Personal name Batchelor G.K
245 ## - TITLE STATEMENT
Title An introduction to fluid dynamics
Medium English
260 ## - PUBLICATION, DISTRIBUTION, ETC.
Name of publisher, distributor, etc. Cambridge
942 ## - ADDED ENTRY ELEMENTS (KOHA)
Institution code [OBSOLETE] CAE NUST
Call number prefix 532.05 BAT
Holdings
Withdrawn status Lost status Damaged status Not for loan Collection code Permanent Location Current Location Date acquired Total Checkouts Full call number Barcode Date last seen Price effective from Koha item type
          College of Aeronautical Engineering (CAE) College of Aeronautical Engineering (CAE) 04/03/2017   532.05 BAT CAEG-5533 04/05/2017 04/05/2017 Book
© 2023 Central Library, National University of Sciences and Technology. All Rights Reserved.